From casual stargazer to amateur astronomer (Record no. 18959)

MARC details
000 -LEADER
fixed length control field 00686nam a2200205Ia 4500
003 - CONTROL NUMBER IDENTIFIER
control field IN-BaIIA
008 - FIXED-LENGTH DATA ELEMENTS--GENERAL INFORMATION
fixed length control field 211028s9999 xx 000 0 eng d
020 ## - INTERNATIONAL STANDARD BOOK NUMBER
International Standard Book Number 978-1-4614-8765-4
040 ## - CATALOGING SOURCE
Transcribing agency IIA Library
080 ## - UNIVERSAL DECIMAL CLASSIFICATION NUMBER
Universal Decimal Classification number 52
Item number EAG
100 ## - MAIN ENTRY--PERSONAL NAME
Personal name Eagle, Dave
9 (RLIN) 36201
245 #0 - TITLE STATEMENT
Title From casual stargazer to amateur astronomer
Remainder of title how to advance to the next level.
Statement of responsibility, etc. Dave Eagle
260 ## - PUBLICATION, DISTRIBUTION, ETC.
Place of publication, distribution, etc. New York
Name of publisher, distributor, etc. Springer
Date of publication, distribution, etc. 2014
300 ## - PHYSICAL DESCRIPTION
Extent xvi, 258p.
490 ## - SERIES STATEMENT
Series statement The patrick moore practical astronomy series
650 ## - SUBJECT ADDED ENTRY--TOPICAL TERM
Topical term or geographic name entry element Astronomy - Amateurs' manuals
650 ## - SUBJECT ADDED ENTRY--TOPICAL TERM
Topical term or geographic name entry element Astronomy, Observations and Techniques
9 (RLIN) 32107
650 ## - SUBJECT ADDED ENTRY--TOPICAL TERM
Topical term or geographic name entry element Popular Science in Astronomy;Science / Astronomy
9 (RLIN) 36202
942 ## - ADDED ENTRY ELEMENTS (KOHA)
Koha item type Books
Holdings
Withdrawn status Lost status Damaged status Not for loan Home library Current library Shelving location Date acquired Source of acquisition Cost, normal purchase price Total Checkouts Full call number Barcode Date last seen Cost, replacement price Price effective from Koha item type Purchase Price
        IIA Library-Bangalore IIA Library-Bangalore General Stacks 23/01/2015 ANJ 7074.00   52/ EAG 19881 05/11/2021 7074.00 23/01/2015 Books Rs. 7074.00

Powered by Koha